000 00584 a2200169 4500
999 _c9203
_d9203
020 _a0691037817
050 0 0 _aJC 153 SIM 1992
100 1 _aSimmons, A. John
_d1950-
245 1 4 _aThe Lockean theory of rights /
_cA. John Simmons.
264 _aNew Jersey:
_bPrinceton University Press,
_c1992
300 _aix, 387 p. ;
440 0 _aStudies in moral, political, and legal philosophy
500 _aIncludes index
504 _aIncludes bibliographical references (p. 355-376) and index.
650 _aLocke, John
_xContributions in political science
942 _2lcc
_cBK
_h153
_iSIM
_kJC